00314pab a2200121 454500008004000000100001800040245005000058260000900108300001200117362001100129650001800140773003400158180718b2002 xxu||||| |||| 00| 0 eng d aJhaveri, N.J. aHolding company for public sector enterprises c2002 ap.3578. a31 Aug aPublic sector aEconomic and Political Weekly